000 00328pab a2200145 454500
008 180718b2001 xxu||||| |||| 00| 0 eng d
100 _aSingh, N.P.
245 _aUrban solid waste management
260 _c2001
300 _ap.32-45
362 _aJan-Mar
650 _aWaste treatment
773 _aNagarlok
909 _a51351
999 _c51351
_d51351